000 00982nam a22002057a 4500
999 _c7854
_d7854
003 AR-CdUCM
008 190321b ||||| |||| 00| 0 spa d
040 _aMUNICIPALIDAD PROVINCIAL DEL CUSCO
_cBIBLIOTECA MUNICIPAL DEL CUSCO
082 _a658.5 /
_bR35
110 _aCentro Regional de ayuda tecnica
_910048
245 _aEl diseño es su negocio :
_bPreparado por especialistas tecnicos en industrias privadas /
260 _aMéxico :
_bCentro Regionl de ayuda Tecnica ,
_c1963.
300 _a62 páginas ;
_c23 cm.
505 _aContenido : ¿Que es el diseño? -- Estudio del diseño para la produccion -- Diseño para la venta -- Coordinacion de diseño y empaque -- El consultor en diseño -- ¿Todo hombre de empresa es sy propio diseñador? -- Lo esencial en una politica de diseño -- Para mayor estudio...
650 _aDiseño de Produccion
_922213
650 _aAdministracion de Empresa
_922214
650 _aMarketing
_912422
942 _2ddc
_cLIBROS
945 _artm